| 000 | 00684nam a2200193Ia 4500 | ||
|---|---|---|---|
| 003 | GCL | ||
| 008 | 140319s9999 xx 000 0 ara d | ||
| 040 |
_aGCL / _cGCL |
||
| 082 | 0 | 4 |
_aم _b398.9 _bش ت |
| 100 | 1 | _aالشيبى , ابوالمحاسن محمد بن عل | |
| 245 | 1 | 0 |
_aتمثال الامثال / _cالشيبى , ابوالمحاسن محمد بن عل |
| 700 | 1 | _aاسعد ذبيان | |
| 260 |
_a[S.N] : _bدار المسيرة للنشر والتوزيع والطباعة ، _c1982 |
||
| 650 | 0 | 4 | _aالادب العربى |
| 650 | 0 | 4 | _aالامثال العربية |
| 650 | 0 | 4 | _aالمعاجم |
| 650 | 0 | 4 | _aالمعاجم العربية |
| 942 |
_2ddc _cREF |
||
| 999 |
_c59267 _d59267 |
||